Now That's What I Call Music! 1 (US) Tracklist - Statistics

General Stats
  • This quiz has been taken 10 times
  • The average score is 7 of 17
Answer Stats
Track No. Song Artist % Correct
13 Barbie Girl Aqua
67%
4 Flagpole Sitta Harvey Danger
67%
7 Never Ever All Saints
67%
6 All My Life K-Ci & JoJo
50%
2 As Long As You Love Me Backstreet Boys
50%
9 MMMBop Hanson
50%
5 Say You'll Be There Spice Girls
50%
17 Sex & Candy Marcy Playground
50%
3 The Way Fastball
50%
1 Together Again Janet Jackson
33%
12 Anytime Brian McKnight
17%
16 Fly Away Lenny Kravitz
17%
8 If You Could Only See Me Tonic
17%
15 I Will Buy You a New Life Everclear
17%
14 Karma Police Radiohead
17%
11 Shorty (You Keep Playin' with My Mind) Imajin
17%
10 Zoot Suit Riot Cherry Poppin' Daddies
17%
No matching quizzes found
Score Distribution
Percent of People with Each Score
Percentile by Number Answered
Your Score History
You have not taken this quiz